ARRUPE JESUIT UNIVERSITY

CORONAVIRUS -STOP THE SPREAD - CLEAN,DISINFECT,COVER

Victorian essays, (Record no. 118600)

MARC details
000 -LEADER
fixed length control field 00803cam a22002651 4500
001 - CONTROL NUMBER
control field 9701403
003 - CONTROL NUMBER IDENTIFIER
control field ARRUPE
005 - DATE AND TIME OF LATEST TRANSACTION
control field 20131119145321.0
008 - FIXED-LENGTH DATA ELEMENTS--GENERAL INFORMATION
fixed length control field 840413r19341932enk 000 0 eng
010 ## - LIBRARY OF CONGRESS CONTROL NUMBER
LC control number 35008953
035 ## - SYSTEM CONTROL NUMBER
System control number (OCoLC)10627027
040 ## - CATALOGING SOURCE
Original cataloging agency DLC
Transcribing agency GEU
Modifying agency OCoLC
-- DLC
042 ## - AUTHENTICATION CODE
Authentication code premarc
050 00 - LIBRARY OF CONGRESS CALL NUMBER
Classification number PR1306
Item number .P3 1934
082 ## - DEWEY DECIMAL CLASSIFICATION NUMBER
Classification number 824.80822
300 ## - PHYSICAL DESCRIPTION
Dimensions 17 cm.
100 1# - MAIN ENTRY--PERSONAL NAME
Personal name Parnwell, E. C.
9 (RLIN) 3557
245 10 - TITLE STATEMENT
Title Victorian essays,
Statement of responsibility, etc chosen and edited by E.C. Parnell.
260 ## - PUBLICATION, DISTRIBUTION, ETC. (IMPRINT)
Place of publication, distribution, etc London,
Name of publisher, distributor, etc Oxford University Press,
Date of publication, distribution, etc 1934.
300 ## - PHYSICAL DESCRIPTION
Extent 192 p.
500 ## - GENERAL NOTE
General note "First published 1932; reprinted 1934.
650 #0 - SUBJECT ADDED ENTRY--TOPICAL TERM
Topical term or geographic name as entry element English essays
Chronological subdivision 19th century.
9 (RLIN) 3558
650 #0 - SUBJECT ADDED ENTRY--TOPICAL TERM
Topical term or geographic name as entry element American essays
Chronological subdivision 19th century.
9 (RLIN) 3559
906 ## - LOCAL DATA ELEMENT F, LDF (RLIN)
a 7
b cbc
c oclcrpl
d u
e ncip
f 19
g y-gencatlg
942 ## - ADDED ENTRY ELEMENTS (KOHA)
Source of classification or shelving scheme Library of Congress Classification
Koha item type Monograph ( Printed materials)

No items available.

 

Arrupe Library. PO Box MP320 Mt Pleasant, Harare, Zimbabwe
263 242 745411|librarian@aju.ac.zw